Globalizar desde Latinoamérica (Registro nro. 5839)

Detalles MARC
000 -LEADER
fixed length control field 01111 a2200241 4500
001 - CONTROL NUMBER
control field 54952
005 - DATE AND TIME OF LATEST TRANSACTION
control field 20260407155825.0
008 - FIXED-LENGTH DATA ELEMENTS--GENERAL INFORMATION
fixed length control field 260407a2001 arg spa d
003 - CONTROL NUMBER IDENTIFIER
control field AR-UNSa-BCEJYS
040 ## - CATALOGING SOURCE
Original cataloging agency AR-UNSa-BCEJYS
Language of cataloging spa
Transcribing agency AR-UNSa-BCEJYS
080 ## - UNIVERSAL DECIMAL CLASSIFICATION NUMBER
Universal Decimal Classification number 658.04
Common auxiliary subdivision Administración de empresas de formas específicas
020 ## - INTERNATIONAL STANDARD BOOK NUMBER
International Standard Book Number 958-41-0233-8
100 1# - MAIN ENTRY--PERSONAL NAME
Personal name Kosacoff, Bernardo
245 10 - TITLE STATEMENT
Title Globalizar desde Latinoamérica
Name of part/section of a work el caso arcor
264 #1 - PRODUCTION, PUBLICATION, DISTRIBUTION, MANUFACTURE, AND COPYRIGHT NOTICE
Place of production, publication, distribution, manufacture Bogotá :
Name of producer, publisher, distributor, manufacturer McGraw-Hill Interamericana
Date of production, publication, distribution, manufacture, or copyright notice 2001
300 ## - PHYSICAL DESCRIPTION
Extent 194 p.
Dimensions 24 cm.
505 ## - FORMATTED CONTENTS NOTE
Formatted contents note 1. ARCOR: cincuenta años de construcción de capacidades competitivas - 2. Desde el momento fundacional hasta la construcción de la empresa local dominante: los años 1951 a 1990 - 3. Construcción de una empresa regional en un marco de transformación institucional: la experiencia de los años noventa - 4. Mirando hacia el futuro: construyendo una empresa global desde un país emergente
590 ## - LOCAL NOTE (RLIN)
Local note niveau_biblio:m niveau_hierar:0
700 1# - ADDED ENTRY--PERSONAL NAME
Personal name Forteza, Jorge H.
700 1# - ADDED ENTRY--PERSONAL NAME
Personal name Barbero, Maria Inés
700 1# - ADDED ENTRY--PERSONAL NAME
Personal name Stengel, E. Alejandro
942 ## - ADDED ENTRY ELEMENTS (KOHA)
Koha item type
Existencias
Withdrawn status Lost status Damaged status Not for loan Home library Current library Shelving location Date acquired Total checkouts Full call number Barcode Date last seen Price effective from Koha item type
        Biblioteca Prof. Eusebio Cleto del Rey Biblioteca Prof. Eusebio Cleto del Rey   07/04/2026   658.04 K86 L86343 07/04/2026 07/04/2026 Libro